000
00248nam a22001217a 4500
008
170612b xxu||||| |||| 00| 0 eng d
041
_a
eng
080
_a
328
100
_a
19
101
_a
SHP
245
_a
GOVERNMENT
_c
DALTON.L
942
_2
udc
_c
BK
999
_c
16906
_d
16906